000 00211 a2200097 4500
001 47386
100 _aStern F
245 _aThe citizen army
260 _aNew York
_bSt martins press
_c
090 _c30419
_d30419
942 _aNUST-CAE
_cM
_c22691
999 _c282459
_d282459